000 00490nam a2200181Ia 4500
003 OSt
005 20260127160251.0
008 210210b1952 xxu||||| |||| 00| 0 eng d
040 _cAL
041 _aKannada
082 _a854/98
100 _aJAVARE GAUDA (D)
_9162856
_dಜವರೇಗೌಡ (ಡಿ)
245 _aKavidarshana:
_bಕವಿದರ್ಶನ
260 _aMaisuru
_bChetana Pustakalaya
_c1952
690 _aKannada Criticism
_9162857
906 _a019950
942 _2ddc
_cBK
999 _c144100
_d144100